Diderot ou Le bonheur de penser : (Record no. 196382)

MARC details
000 -LEADER
campo de control de longitud fija 01189cam a2200349 i 4500
001 - NÚMERO DE CONTROL
campo de control 196382
003 - IDENTIFICADOR DE NÚMERO DE CONTROL
campo de control ES-MaACL
005 - FECHA Y HORA DE LA ÚLTIMA TRANSACCIÓN
campo de control 20241010123740.0
007 - CAMPO FIJO DE DESCRIPCIÓN FÍSICA--INFORMACIÓN GENERAL
campo de control de longitud fija ta
008 - DATOS DE LONGITUD FIJA--INFORMACIÓN GENERAL
campo de control de longitud fija 240920s2012 fr af b 000 0bfre d
020 ## - NÚMERO INTERNACIONAL ESTÁNDAR DEL LIBRO
Número Internacional Estándar del Libro 9782213668451
035 ## - NÚMERO DE CONTROL DEL SISTEMA
Número de control de sistema Rebiun23715142
040 ## - FUENTE DE CATALOGACIÓN
Centro catalogador/agencia de origen ESEHU
Lengua de catalogación spa
Centro/agencia transcriptor ESEHU
Centro/agencia modificador OCLCQ
-- ES-MaACL
080 ## - NÚMERO DE LA CLASIFICACIÓN DECIMAL UNIVERSAL
Número de la Clasificación Decimal Universal 1DIDEROT
080 ## - NÚMERO DE LA CLASIFICACIÓN DECIMAL UNIVERSAL
Número de la Clasificación Decimal Universal 929DIDEROT
100 0# - ENTRADA PRINCIPAL--NOMBRE DE PERSONA
Nombre de persona Attali, Jacques
9 (RLIN) 23768
245 10 - MENCIÓN DEL TÍTULO
Título Diderot ou Le bonheur de penser :
Resto del título biographie /
Mención de responsabilidad, etc. Jacques Attali
246 30 - FORMA VARIANTE DEL TITULO
Título propio/Titulo breve Bonheur de penser
260 ## - PUBLICACIÓN, DISTRIBUCIÓN, ETC.
Lugar de publicación, distribución, etc. Paris :
Nombre del editor, distribuidor, etc. Fayard,
Fecha de publicación, distribución, etc. 2012
300 ## - DESCRIPCIÓN FÍSICA
Extensión 512 p. ;
Dimensiones 24 cm.
336 ## - TIPO DE CONTENIDO
Término de tipo de contenido Texto
Código de tipo de contenido txt
Fuente rdacontent
337 ## - TIPO DE MEDIO
Nombre/término del tipo de medio sin mediación
Código del tipo de medio n
Fuente rdamedia/spa
338 ## - TIPO DE SOPORTE
Fuente rdacarrier
Nombre/término del tipo de soporte volumen
504 ## - NOTA DE BIBLIOGRAFÍA, ETC.
Nota de bibliografía, etc. Bibliogr.: pp. 471-496
600 04 - PUNTO DE ACCESO ADICIONAL DE MATERIA--NOMBRE DE PERSONA
Nombre de persona Diderot, Denis-
Fechas asociadas al nombre 1713-1784
9 (RLIN) 44512
Subdivisión general Crítica e interpretación
852 ## - LOCALIZACIÓN
Ubicación ES-MaACL
Ubicación en estantería Depósito 1
Donativo/Legado Donación: José Manuel Duarte Cendán
itemnumber 204080
Número de control de estantería A-15421
903 ## - NOMBRE PERSONAL DE DONANTE
9 238529
a Duarte Cendán, José Manuel
q 1
e Donante
942 ## - ELEMENTOS DE ENTRADA SECUNDARIOS (KOHA)
Suprimir en OPAC No
Tipo de ítem Koha Libro impreso
Holdings
Estatus retirado Estado de pérdida Fuente del sistema de clasificación o colocación Estado de daño No para préstamo Biblioteca de origen Biblioteca actual Ubicación en estantería Fecha de adquisición Fuente de adquisición Total de préstamos Signatura topográfica completa Código de barras Visto por última vez Precio de reemplazo Tipo de ítem Koha
    Clasificación decimal universal     Biblioteca del Ateneo de Madrid Biblioteca del Ateneo de Madrid Depósito 1 20/09/2024 Donación   A-15421 101228878 20/09/2024 20/09/2024 Libro impreso